zpět

Detail výsledku týmu

Café 1516, Jáchymov

Datum a čas kvízu

33.5 Celkem bodů Celkový počet nahraných bodů na tomto kvízu bez doplňovacích otázek.
2. Pořadí na kvízu Konečné umístění týmu na tomto kvízu.

Zaznamenané odpovědi

# Otázka Odpověď Body Výsledky
1. Od pondělí do čtvrtka brázdila... Formule 1 0
2. Společnost Air Baltic spustila... Kunda 1
3. V pondělí vyvrcholil 30. roční... v Maďarsku 1
4. V pondělí prohlásila polská sp... CZC.cz 0
5. 21letá Andrea Klementová z Tře... přeplavala kanál La Manche 1
6. Na konci kterého amerického fi... Hudbu složil, slova napsal (Music and Lyrics) 0
7. Francouzská hudební komedie s... Piti Piti Pa 0
8. Animovaný hudební film Alvin a... Simon a Theodor 0
9. Horečka sobotní noci se pojí s... Bee Gees 1
10. Který hudební film s Karlem Go... Hvězda padá vzhůru 1